Competing on Analytics (Registro nro. 19595)
[ vista simple ]
| 000 -LEADER | |
|---|---|
| fixed length control field | 00329 a2200121 4500 |
| 001 - CONTROL NUMBER | |
| control field | ART_17540 |
| 005 - DATE AND TIME OF LATEST TRANSACTION | |
| control field | 20260410161750.0 |
| 008 - FIXED-LENGTH DATA ELEMENTS--GENERAL INFORMATION | |
| fixed length control field | 260409a |
| 100 1# - MAIN ENTRY--PERSONAL NAME | |
| Personal name | Harris, Jeanne G. |
| 245 10 - TITLE STATEMENT | |
| Title | Competing on Analytics |
| 700 1# - ADDED ENTRY--PERSONAL NAME | |
| Personal name | Devenport, Thomas H. |
| 773 0# - HOST ITEM ENTRY | |
| Title | Book Summary |
| Related parts | - Nº 11 (ene. 2008) |
| Record control number | REV4099 |
No hay ítems disponibles.